| 000 | 00996nam a22003257a 4500 | ||
|---|---|---|---|
| 003 | CHAP | ||
| 005 | 20220329135110.0 | ||
| 008 | 971013s1956 r 00010 d | ||
| 010 | _a30910 | ||
| 011 | _a31882 | ||
| 035 | _a35994 | ||
| 040 | _cCHAP | ||
| 082 |
_a632 _bC68 1956 |
||
| 100 | 0 | 0 |
_aCotton, Richard Thomas. _928593 |
| 245 | _aPests of stored grain and grain products | ||
| 250 | _a3 ed. | ||
| 260 |
_aMinneapolis : _bBurgess, _c1956 |
||
| 300 |
_a306 p. _b: ilus. |
||
| 590 |
_aBATCH-UPD _b10 _c20130110 _lUCH01 _h0140 |
||
| 590 |
_aBATCH-UPD _b10 _c20130110 _lUCH01 _h1641 |
||
| 590 |
_aBATCH-UPD _b10 _c20130410 _lUCH01 _h1032 |
||
| 590 |
_aBATCH-UPD _b10 _c20130914 _lUCH01 _h0913 |
||
| 590 |
_aCONVERSION _b10 _c20130109 _lUCH01 _h1318 |
||
| 650 | 1 | 4 |
_aCereales _xAlmacenamiento _xPlagas. _921378 |
| 650 | 1 | 4 |
_aCereales _xPlagas. _921450 |
| 650 | 1 | 4 |
_aFumigación. _943949 |
| 901 | _aBK | ||
| 942 | _cLIBRO | ||
| 949 |
_a632 C68 1956 _bBC _cLIBRO _d33724000174496 _eLIBRO _h22354 _i35994 _si |
||
| 999 |
_c30910 _d30910 |
||